[Event "Frankfurt Ch 2013"]
[Site "Ffm-Kalbach, LAZ"]
[Date "2013.06.10"]
[Round "6.1"]
[White "Milov, Leonid"]
[Black "Khenkin, Igor"]
[Result "1/2-1/2"]
[WhiteElo "2538"]
[BlackElo "2574"]
[PlyCount "34"]
[EventDate "2013.??.??"]
[WhiteTeam "SC NT Nürnberg 1873"]
[BlackTeam "Wiesbadener SV 1885"]

1. e4 c6 2. d4 d5 3. Nc3 dxe4 4. Nxe4 Bf5 5. Ng3 Bg6 6. Bc4 e6 7. N1e2 Bd6 8.
h4 h6 9. Nf4 Bxf4 10. Bxf4 Nf6 11. Qd2 Nbd7 12. Bd3 Bxd3 13. Qxd3 Qa5+ 14. Bd2
Qa4 15. O-O O-O 16. b3 Qa3 17. c4 Rfd8 1/2-1/2

[Event "Frankfurt Ch 2013"]
[Site "Ffm-Kalbach, LAZ"]
[Date "2013.06.10"]
[Round "6.2"]
[White "Holvason, Juri"]
[Black "Telljohann, Sven"]
[Result "0-1"]
[WhiteElo "2200"]
[BlackElo "2391"]
[PlyCount "72"]
[EventDate "2013.??.??"]
[WhiteTeam "SC Brett vor'm Kopp Ffm"]
[BlackTeam "Sfr. Schöneck"]

1. e4 g6 2. d4 Bg7 3. Nc3 a6 4. Be3 d6 5. Qd2 Nc6 6. h4 h5 7. f3 e5 8. d5 Nce7
9. Nh3 Bxh3 10. Rxh3 Bh6 11. f4 exf4 12. Bxf4 Bg7 13. O-O-O Nh6 14. Be2 Qd7 15.
Kb1 Ng4 16. Rf1 Ng8 17. Rg3 N8h6 18. Nd1 Qe7 19. Bg5 Qe5 20. Rb3 O-O 21. Bf3
Rab8 22. Ne3 Nxe3 23. Bxe3 Ng4 24. Bf4 Qe7 25. Bg5 Qd7 26. Qd1 Ne5 27. Be2 Qa4
28. Rg3 Rbe8 29. b3 Qb4 30. Bf6 Bxf6 31. Rxf6 Qxe4 32. Bxh5 Qxh4 33. Bxg6 fxg6
34. Rgxg6+ Nxg6 35. Rxg6+ Kh7 36. Qd3 Qe4 0-1

[Event "Frankfurt Ch 2013"]
[Site "Ffm-Kalbach, LAZ"]
[Date "2013.06.10"]
[Round "6.3"]
[White "Legde, Georg"]
[Black "Hristovski, Srdzan"]
[Result "1-0"]
[WhiteElo "2286"]
[BlackElo "2136"]
[PlyCount "127"]
[EventDate "2013.??.??"]
[WhiteTeam "SK 1858 Gießen"]
[BlackTeam "Kumanovo/MZD"]

1. d4 d5 2. c4 e6 3. Nc3 Nf6 4. Bg5 Nbd7 5. e3 c6 6. Nf3 Be7 7. Rc1 O-O 8. Bd3
Re8 9. O-O Nf8 10. Qc2 N6d7 11. Bf4 Ng6 12. cxd5 Nxf4 13. exf4 exd5 14. Bxh7+
Kh8 15. Bd3 Nf8 16. Rce1 Qd6 17. Re5 Bg4 18. Rfe1 Bxf3 19. gxf3 g6 20. f5 Nd7
21. Qd2 g5 22. R5e3 Nf6 23. Qe2 Bf8 24. Re5 Red8 25. f4 gxf4 26. Qf3 Bh6 27.
Qh3 Kg7 28. Kh1 Rh8 29. Ne2 Rh7 30. Qf3 Rah8 31. Rg1+ Kf8 32. a3 Bg5 33. Rxg5
Rxh2+ 34. Kg1 R8h3 35. Qxf4 Rh1+ 36. Kg2 R1h2+ 37. Kg1 Rh1+ 38. Kg2 R3h2+ 39.
Qxh2 Rxh2+ 40. Kxh2 Nd7 41. f4 Nxe5 42. dxe5 Qc5 43. Kg2 Qe3 44. Rg3 Qd2 45. f6
Qxb2 46. Kf1 a5 47. Bh7 Ke8 48. Rg8+ Kd7 49. Bf5+ Kc7 50. Rg7 Qxa3 51. Rxf7+
Kb6 52. Rg7 a4 53. f7 Qf8 54. Rh7 a3 55. Bb1 Kc5 56. e6 Kd6 57. f5 Qa8 58. Rg7
Qh8 59. Rg8 Qh3+ 60. Ke1 Qh4+ 61. Kd1 Qh1+ 62. Kd2 Qh6+ 63. Kc2 Ke7 64. Re8+
1-0

[Event "Frankfurt Ch 2013"]
[Site "Ffm-Kalbach, LAZ"]
[Date "2013.06.10"]
[Round "6.4"]
[White "Kaliski, Erwin"]
[Black "Isserman, Ryhor"]
[Result "1/2-1/2"]
[WhiteElo "2106"]
[BlackElo "2258"]
[PlyCount "20"]
[EventDate "2013.??.??"]
[WhiteTeam "SC Bad Nauheim"]
[BlackTeam "SK Bad Homburg 1927"]

1. e4 d6 2. d4 Nf6 3. Nc3 g6 4. Be2 Bg7 5. Be3 O-O 6. h4 e5 7. h5 exd4 8. Bxd4
Nc6 9. hxg6 hxg6 10. Be3 Re8 1/2-1/2

[Event "Frankfurt Ch 2013"]
[Site "Ffm-Kalbach, LAZ"]
[Date "2013.06.10"]
[Round "6.5"]
[White "Stockmann, Michael"]
[Black "Marzahn, Heiko"]
[Result "1/2-1/2"]
[WhiteElo "2256"]
[BlackElo "2037"]
[PlyCount "47"]
[EventDate "2013.??.??"]
[WhiteTeam "Sfr. Schöneck"]
[BlackTeam "Sfr.Erbach"]

1. d4 f5 2. g3 Nf6 3. Bg2 e6 4. Nf3 d5 5. O-O Bd6 6. c4 c6 7. Nc3 O-O 8. Qc2
Ne4 9. Bf4 Bxf4 10. gxf4 Bd7 11. e3 Be8 12. Ne5 Nd7 13. cxd5 cxd5 14. Nxe4 fxe4
15. Nxd7 Bxd7 16. f3 Rc8 17. Qd2 exf3 18. Bxf3 Qh4 19. Rac1 Bc6 20. Rf2 Kh8 21.
Rg2 Bd7 22. Rxc8 Rxc8 23. Be2 Be8 24. Bd3 1/2-1/2

[Event "Frankfurt Ch 2013"]
[Site "Ffm-Kalbach, LAZ"]
[Date "2013.06.10"]
[Round "6.6"]
[White "Ortinau, Peter"]
[Black "Minor, Samuel"]
[Result "0-1"]
[WhiteElo "2022"]
[BlackElo "2174"]
[PlyCount "102"]
[EventDate "2013.??.??"]
[WhiteTeam "SC Pirmasens 1912"]
[BlackTeam "Wiesbadener SV 1885"]

1. d4 Nf6 2. c4 e6 3. Nc3 Bb4 4. Qc2 O-O 5. a3 Bxc3+ 6. Qxc3 d6 7. Bg5 Nbd7 8.
e3 b6 9. Bd3 Bb7 10. f3 Rc8 11. Ne2 c5 12. O-O cxd4 13. Qxd4 h6 14. Bxf6 Nxf6
15. e4 Qc7 16. Rfd1 Rfd8 17. Nc3 a6 18. Na4 Bc6 19. Nc3 Nd7 20. b4 Ne5 21. b5
axb5 22. Nxb5 Bxb5 23. cxb5 Nd7 24. Bf1 Nc5 25. Rac1 Ra8 26. Qe3 Ra4 27. Rc3
Qa7 28. Rd2 Qe7 29. Rd1 Qg5 30. Qxg5 hxg5 31. Bc4 Kf8 32. Kf2 Ke7 33. Ke3 Rh8
34. Rh1 Rha8 35. Ra1 g6 36. g3 f5 37. Ra2 Kf6 38. Kd4 Rd8 39. Ke3 Rda8 40. Kd4
f4 41. h4 fxg3 42. hxg5+ Kxg5 43. Ke3 Kf6 44. f4 g2 45. Rxg2 Rxa3 46. Rgc2 R8a4
47. Bd3 Rxc3 48. Rxc3 Rb4 49. Kf3 e5 50. f5 gxf5 51. exf5 Nxd3 0-1

[Event "Frankfurt Ch 2013"]
[Site "Ffm-Kalbach, LAZ"]
[Date "2013.06.10"]
[Round "6.8"]
[White "Penzel, Nils"]
[Black "Schmitt, Roland"]
[Result "0-1"]
[WhiteElo "2062"]
[BlackElo "1934"]
[PlyCount "74"]
[EventDate "2013.??.??"]
[WhiteTeam "SSG Rödermark/Eppertshausen"]
[BlackTeam "SK Großsachsen"]

1. d4 Nf6 2. Nf3 g6 3. c4 Bg7 4. Nc3 O-O 5. e4 d6 6. Be2 e5 7. O-O Nc6 8. d5
Ne7 9. Ne1 Nd7 10. Be3 f5 11. f3 f4 12. Bf2 g5 13. b4 Rf6 14. c5 Rh6 15. Rc1 a6
16. cxd6 cxd6 17. Nd3 Qe8 18. Kh1 Qh5 19. Bg1 Nf6 20. Na4 Nfxd5 21. exd5 Nf5
22. Rxc8+ Rxc8 23. h3 b5 24. Nb6 Rc3 25. Bf2 Qe8 26. Ne1 e4 27. fxe4 Qxe4 28.
Bf3 Qe7 29. a4 Ne3 30. Bxe3 fxe3 31. Bg4 Rf6 32. Nd3 Qe4 33. Rxf6 Bxf6 34. Qf1
Rc2 35. Nd7 Bg7 36. Qf3 Qxf3 37. Bxf3 bxa4 0-1

[Event "Frankfurt Ch 2013"]
[Site "Ffm-Kalbach, LAZ"]
[Date "2013.06.10"]
[Round "6.9"]
[White "Solonar, Stefan"]
[Black "Roggensack, Hans Peter"]
[Result "0-1"]
[WhiteElo "2290"]
[BlackElo "1924"]
[PlyCount "72"]
[EventDate "2013.??.??"]
[WhiteTeam "SC Heusenstamm"]
[BlackTeam "Sfr. Frankfurt 1921"]

1. c4 c6 2. e4 d5 3. exd5 cxd5 4. d4 Nf6 5. Nc3 Nc6 6. Bg5 Be6 7. Be2 Qa5 8.
Qd2 Rd8 9. Bxf6 gxf6 10. c5 Bf5 11. Nf3 h5 12. Nb5 Qxd2+ 13. Kxd2 e5 14. Kc3
Be4 15. dxe5 fxe5 16. b4 a6 17. Na3 Bg7 18. Rae1 O-O 19. Kb3 Bg6 20. b5 axb5
21. Nxb5 Bf6 22. h3 e4 23. Nd2 Nd4+ 24. Nxd4 Bxd4 25. Rhf1 Bxc5 26. Bb5 f5 27.
Rc1 Bb6 28. g3 Be8 29. a4 Bxb5 30. axb5 Rc8 31. Rxc8 Rxc8 32. Nb1 d4 33. Nd2
Rc3+ 34. Ka4 d3 35. Kb4 Rc2 36. Nc4 Bxf2 0-1

[Event "Frankfurt Ch 2013"]
[Site "Ffm-Kalbach, LAZ"]
[Date "2013.06.10"]
[Round "6.10"]
[White "Orwatsch, Gerhard"]
[Black "Rolle, Eric"]
[Result "1/2-1/2"]
[WhiteElo "1969"]
[BlackElo "2187"]
[PlyCount "114"]
[EventDate "2013.??.??"]
[WhiteTeam "SC Butzbach 2000"]
[BlackTeam "SK Marburg 1931/72"]

1. d4 d6 2. c3 Nf6 3. g3 Nbd7 4. Bg2 e5 5. Nh3 Be7 6. O-O c6 7. f3 O-O 8. Nf2
a5 9. a4 Re8 10. e4 b5 11. Be3 Ba6 12. Re1 Qc7 13. Nd2 Nb6 14. axb5 cxb5 15. f4
Nbd7 16. g4 h6 17. h4 Nh7 18. Nf3 Bb7 19. f5 Qd8 20. dxe5 Nxe5 21. Nxe5 dxe5
22. Qxd8 Bxd8 23. h5 Nf6 24. Red1 Bc7 25. Bf3 Bc6 26. g5 hxg5 27. Bxg5 Nd7 28.
Be3 Nb6 29. Kg2 Nc4 30. Bc1 Red8 31. Rh1 Nd2 32. h6 Bb6 33. hxg7 f6 34. Rh6
Bxf2 35. Kxf2 Nxf3 36. Kxf3 Kxg7 37. Be3 Rh8 38. Rg1+ Kf7 39. Rxh8 Rxh8 40. Ra1
a4 41. Bf2 Rh3+ 42. Kg4 Rd3 43. Rh1 Kg7 44. Re1 Rd2 45. Bc5 Rxb2 46. Kf3 Rc2
47. Re3 Rd2 48. Bb4 Rh2 49. Kg3 Rb2 50. Kf3 Kh6 51. Rd3 Be8 52. Rd8 Bh5+ 53.
Kg3 Kg7 54. Rd7+ Bf7 55. Rb7 Rb3 56. Ra7 Rb1 57. Kf3 Rh1 1/2-1/2

[Event "Frankfurt Ch 2013"]
[Site "Ffm-Kalbach, LAZ"]
[Date "2013.06.10"]
[Round "6.11"]
[White "Sachse, Günter"]
[Black "Zimpfer, Andreas"]
[Result "1-0"]
[WhiteElo "2058"]
[BlackElo "1837"]
[PlyCount "53"]
[EventDate "2013.??.??"]
[WhiteTeam "SK Langen"]
[BlackTeam "SC Butzbach 2000"]

1. e4 c5 2. g3 Nc6 3. Bg2 g6 4. f4 d6 5. c3 Bg7 6. d3 Nh6 7. Nf3 O-O 8. O-O f5
9. Qe2 Nf7 10. exf5 Bxf5 11. Nh4 Bd7 12. Nd2 e5 13. Ne4 exf4 14. Rxf4 g5 15.
Rxf7 Rxf7 16. Nxg5 Qe7 17. Qxe7 Rxe7 18. Bd5+ Kf8 19. Nxh7+ Ke8 20. Bg5 Re5 21.
Be4 Bh3 22. Bf4 Re7 23. Ng5 Bg4 24. Bxd6 Rd7 25. Bxc5 Ne5 26. d4 Bh6 27. Rf1
1-0

[Event "Frankfurt Ch 2013"]
[Site "Ffm-Kalbach, LAZ"]
[Date "2013.06.10"]
[Round "6.12"]
[White "Maier, Martin"]
[Black "Gutacker, Stephan"]
[Result "1/2-1/2"]
[WhiteElo "2046"]
[BlackElo "1873"]
[PlyCount "84"]
[EventDate "2013.??.??"]
[WhiteTeam "SK Salzgitter-Bad"]
[BlackTeam "Sfr.1932 Kelkheim"]

1. e4 e5 2. Nf3 Nc6 3. Bb5 Bc5 4. Nc3 d6 5. d4 exd4 6. Nxd4 Bd7 7. Be3 Nxd4 8.
Bxd4 Bxd4 9. Bxd7+ Qxd7 10. Qxd4 Nf6 11. O-O-O O-O 12. e5 Ne8 13. Rhe1 Qc6 14.
Nd5 dxe5 15. Qxe5 Kh8 16. Qe7 Kg8 17. Qe3 Qa4 18. Kb1 c6 19. Rd4 Qa5 20. b4 Qb5
21. c4 Qa4 22. Ne7+ Kh8 23. Qb3 Qxb3+ 24. axb3 Nf6 25. Nf5 a5 26. Re7 axb4 27.
Rxb7 c5 28. Rd6 Ne4 29. Rdd7 g6 30. Nd6 Nc3+ 31. Kc1 Ra1+ 32. Kd2 Kg8 33. Ke3
Rd1 34. Nb5 Re8+ 35. Kf3 Rxd7 36. Rxd7 Nxb5 37. cxb5 Rb8 38. Rc7 Rxb5 39. Ke3
Ra5 40. Kd3 Ra2 41. Rxc5 Rxf2 42. Rc2 Rf4 1/2-1/2

[Event "Frankfurt Ch 2013"]
[Site "Ffm-Kalbach, LAZ"]
[Date "2013.06.10"]
[Round "6.13"]
[White "Benninger, Rudolf"]
[Black "Calvi, Stefan"]
[Result "0-1"]
[WhiteElo "1991"]
[BlackElo "2014"]
[PlyCount "120"]
[EventDate "2013.??.??"]
[WhiteTeam "SC Heusenstamm"]
[BlackTeam "Sfr. Frankfurt 1921"]

1. e4 c5 2. Nc3 Nc6 3. f4 g6 4. Nf3 Bg7 5. Bb5 Nd4 6. O-O a6 7. Bc4 e6 8. d3 b5
9. Bb3 Ne7 10. Nxd4 cxd4 11. Ne2 f5 12. Bd2 Bb7 13. Ng3 O-O 14. Re1 a5 15. a3
Kh8 16. Kh1 Ng8 17. Rf1 Nf6 18. Qe2 Ng4 19. h3 Qh4 20. Rf3 fxe4 21. Nxe4 Ne3
22. c3 Nf5 23. Qe1 Qe7 24. g4 dxc3 25. Bxc3 Nd4 26. Bxd4 Bxd4 27. Qe2 a4 28.
Ba2 b4 29. axb4 a3 30. Rb1 axb2 31. Rxb2 Bxb2 32. Qxb2+ Qg7 33. Qxg7+ Kxg7 34.
Rf2 Ra4 35. Kh2 Bxe4 36. dxe4 Rxb4 37. Rd2 Rf7 38. f5 Rxe4 39. Kg3 gxf5 40.
gxf5 Re3+ 41. Kg2 Rxf5 42. Rxd7+ Rf7 43. Rd2 Rc7 44. Bb1 Kf6 45. Rd4 h5 46. h4
Rb7 47. Kf2 Rc3 48. Bd3 Rb2+ 49. Ke3 Rbb3 50. Rf4+ Ke7 51. Rd4 e5 52. Rd5 Rxd3+
53. Rxd3 Rxd3+ 54. Kxd3 Kf6 55. Ke4 Ke6 56. Ke3 Kf5 57. Kf3 e4+ 58. Ke3 Ke5 59.
Ke2 Kf4 60. Kf2 Kg4 0-1

[Event "Frankfurt Ch 2013"]
[Site "Ffm-Kalbach, LAZ"]
[Date "2013.06.10"]
[Round "6.14"]
[White "Rennhack, Peer"]
[Black "Lieder, Konrad"]
[Result "0-1"]
[WhiteElo "1819"]
[BlackElo "2156"]
[PlyCount "52"]
[EventDate "2013.??.??"]
[WhiteTeam "Frankfurter TV 1860"]
[BlackTeam "SV Sangerhausen"]

1. e4 c6 2. d4 d5 3. e5 c5 4. c3 e6 5. Nf3 Nc6 6. Bd3 cxd4 7. cxd4 Qb6 8. O-O
Bd7 9. Nc3 Nxd4 10. Nxd4 Qxd4 11. Nb5 Qxe5 12. Re1 Qb8 13. Qf3 Bd6 14. Qxd5
Bxh2+ 15. Kh1 Nf6 16. Qc5 a6 17. f4 axb5 18. Kxh2 Qa7 19. Qg5 h6 20. Qxg7 Rg8
21. Qxf6 Qf2 22. Rg1 Qg3+ 23. Kh1 Rg4 24. Bf5 exf5 25. Qe5+ Be6 26. Qh8+ Ke7
0-1

[Event "Frankfurt Ch 2013"]
[Site "Ffm-Kalbach, LAZ"]
[Date "2013.06.10"]
[Round "6.15"]
[White "Chandler, Patrick"]
[Black "Klyszcz, Michael"]
[Result "1-0"]
[WhiteElo "2145"]
[BlackElo "1895"]
[PlyCount "49"]
[EventDate "2013.??.??"]
[WhiteTeam "Sfr. Schöneck"]
[BlackTeam "SG 1871 Löberitz"]

1. e4 c5 2. Nf3 e6 3. b3 Nf6 4. e5 Nd5 5. c4 Nc7 6. Bb2 Nc6 7. Be2 d5 8. exd6
Bxd6 9. Nc3 O-O 10. d4 cxd4 11. Nxd4 Nxd4 12. Qxd4 e5 13. Qe3 Qe7 14. O-O Bc5
15. Qc1 f5 16. Na4 b6 17. Nxc5 bxc5 18. Qe3 e4 19. f3 Bb7 20. fxe4 fxe4 21. Bf3
Na6 22. Rfe1 Qf7 23. Bg4 Nb4 24. Qc3 Nd3 25. Be6 1-0

[Event "Frankfurt Ch 2013"]
[Site "Ffm-Kalbach, LAZ"]
[Date "2013.06.10"]
[Round "6.16"]
[White "Schwenkreis, Thomas"]
[Black "Fußnecker, Manfred"]
[Result "1/2-1/2"]
[WhiteElo "2128"]
[BlackElo "1868"]
[PlyCount "125"]
[EventDate "2013.??.??"]
[WhiteTeam "SC Brett vor'm Kopp Ffm"]
[BlackTeam "Sfr. Frankfurt 1921"]

1. e4 e5 2. Nc3 Nf6 3. g3 d5 4. exd5 Nxd5 5. Bg2 Nxc3 6. bxc3 Bd6 7. Ne2 O-O 8.
O-O c6 9. d4 Nd7 10. f4 exd4 11. cxd4 Nf6 12. f5 h6 13. Qd3 Re8 14. Bd2 Bd7 15.
Rab1 Qc7 16. c4 b6 17. Nc3 Rad8 18. Qf3 Re7 19. Be1 Rde8 20. Bf2 Qc8 21. g4 Ne4
22. Nxe4 Rxe4 23. Qxe4 Rxe4 24. Bxe4 Qa6 25. Bd3 Qa3 26. Rfd1 Bf4 27. h3 c5 28.
Bf1 Ba4 29. dxc5 Bxd1 30. Rxd1 bxc5 31. Rd8+ Kh7 32. Bd3 Qb2 33. Rd7 f6 34. h4
Qc1+ 35. Kg2 Qd1 36. g5 hxg5 37. hxg5 Qg4+ 38. Kf1 Qd1+ 39. Kg2 Bxg5 40. Rd5
Qg4+ 41. Kf1 Qf3 42. Ke1 Be3 43. Bxe3 Qxe3+ 44. Kd1 Qf2 45. Be2 a5 46. Rd2 Kh6
47. Bd3 Qd4 48. Kc2 a4 49. Kd1 Kg5 50. Ke2 Kf4 51. Kd1 Ke3 52. Kc2 Qa1 53. Re2+
Kf3 54. Re6 Qxa2+ 55. Kc1 a3 56. Rb6 Ke3 57. Bc2 Qxc4 58. Rb3+ Ke2 59. Rxa3 Qb4
60. Ra4 Qe1+ 61. Kb2 Kd2 62. Rc4 Qe5+ 63. Kb3 1/2-1/2

[Event "Frankfurt Ch 2013"]
[Site "Ffm-Kalbach, LAZ"]
[Date "2013.06.10"]
[Round "6.18"]
[White "Kretner, Georg-Ulrich"]
[Black "Biegel, Thomas"]
[Result "1-0"]
[WhiteElo "1796"]
[BlackElo "2018"]
[PlyCount "67"]
[EventDate "2013.??.??"]
[WhiteTeam "SC Bad Nauheim"]
[BlackTeam "SC Steinbach"]

1. d4 d5 2. c4 c6 3. Nf3 Nf6 4. Nc3 dxc4 5. e4 b5 6. e5 Nd5 7. a4 e6 8. axb5
Nxc3 9. bxc3 cxb5 10. Ng5 Bb7 11. Qh5 g6 12. Qg4 h6 13. Ne4 Bxe4 14. Qxe4 Qd5
15. Qf4 Be7 16. Be2 Nc6 17. Bf3 Qd7 18. Qe4 Rc8 19. O-O Bd8 20. Ra6 Bb6 21. Qf4
Ne7 22. Qf6 Rh7 23. Be4 Nd5 24. Qf3 Qb7 25. Ra1 Rd8 26. Qh3 Qd7 27. Qf3 Qc7 28.
h4 Rh8 29. Ba3 Qd7 30. Bd6 Qc6 31. Bxd5 Qxd5 32. Qf6 Kd7 33. Qxf7+ Kc6 34. Rxa7
1-0

[Event "Frankfurt Ch 2013"]
[Site "Ffm-Kalbach, LAZ"]
[Date "2013.06.10"]
[Round "6.19"]
[White "Rutsatz, Mario"]
[Black "Holzschuh, Gerald"]
[Result "1-0"]
[WhiteElo "1788"]
[BlackElo "2008"]
[PlyCount "95"]
[EventDate "2013.??.??"]
[WhiteTeam "Sfr. Frankfurt 1921"]
[BlackTeam "SC Bad Nauheim"]

1. d4 Nf6 2. c4 c5 3. d5 e6 4. Nc3 exd5 5. cxd5 d6 6. Nf3 g6 7. Bf4 a6 8. a4
Nbd7 9. h3 Qc7 10. e3 Bg7 11. Be2 O-O 12. O-O Ne8 13. Qc2 Rb8 14. Ra3 Ndf6 15.
Nd2 Bd7 16. a5 Qd8 17. Bh2 Qe7 18. Rb3 Nc7 19. Nc4 Bf5 20. Qd2 Rfd8 21. Rb6
Nfe8 22. Bf3 Na8 23. Rb3 g5 24. Re1 Be5 25. Bxe5 dxe5 26. e4 Bd7 27. Qe3 f6 28.
Rd1 Kg7 29. Be2 Rdc8 30. Nb1 Ba4 31. d6 Qf7 32. d7 Bxd7 33. Bh5 Qxc4 34. Rxd7+
Kh8 35. Na3 Qg8 36. Bf7 Qf8 37. Bxe8 Qxe8 38. Rbxb7 Rxb7 39. Rxb7 Qc6 40. Qb3
Rc7 41. Rb8+ Rc8 42. Qb7 Qxb7 43. Rxb7 Kg8 44. Nc4 h5 45. Kf1 Rf8 46. Ra7 g4
47. hxg4 hxg4 48. Ne3 1-0

[Event "Frankfurt Ch 2013"]
[Site "Ffm-Kalbach, LAZ"]
[Date "2013.06.10"]
[Round "6.20"]
[White "Kuban, Günther"]
[Black "Hilbenz, Guntram"]
[Result "1-0"]
[WhiteElo "2003"]
[BlackElo "1824"]
[PlyCount "59"]
[EventDate "2013.??.??"]
[WhiteTeam "SV Oberursel"]
[BlackTeam "SC Bad Nauheim"]

1. c4 d6 2. d4 e5 3. Nf3 Nd7 4. Nc3 Ngf6 5. e3 Be7 6. Bd3 O-O 7. O-O c6 8. b3
Re8 9. Bb2 Qc7 10. Rc1 Bf8 11. Bb1 Qb8 12. Ng5 h6 13. f4 exd4 14. exd4 Be7 15.
d5 Nf8 16. Nge4 N8h7 17. Qd3 g6 18. h3 Nxe4 19. Nxe4 Bf5 20. Qc3 f6 21. g4 Bxe4
22. Bxe4 Kf7 23. g5 Rg8 24. Qe3 c5 25. h4 h5 26. Rce1 Nf8 27. Bf5 Qd8 28. Be6+
Nxe6 29. Qxe6+ Kf8 30. gxf6 1-0

[Event "Frankfurt Ch 2013"]
[Site "Ffm-Kalbach, LAZ"]
[Date "2013.06.10"]
[Round "6.21"]
[White "Schneider, Marco"]
[Black "Achtmann, Armin"]
[Result "0-1"]
[WhiteElo "1778"]
[BlackElo "1984"]
[PlyCount "58"]
[EventDate "2013.??.??"]
[WhiteTeam "SC Nidderau"]
[BlackTeam "TuS Dotzheim"]

1. e4 c6 2. d3 d5 3. Nd2 e5 4. g3 Nf6 5. Bg2 Bd6 6. Ngf3 O-O 7. O-O Bg4 8. c3
Nbd7 9. h3 Bh5 10. g4 Bg6 11. Nh4 Nc5 12. Nxg6 hxg6 13. exd5 Nxd5 14. Ne4 Be7
15. Nxc5 Bxc5 16. d4 exd4 17. cxd4 Bb6 18. Qa4 Qh4 19. Qc4 Rfe8 20. b4 Qf6 21.
Bxd5 cxd5 22. Qxd5 Rad8 23. Qxb7 Bxd4 24. Rb1 Re2 25. Be3 Rxa2 26. Rbd1 Bxe3
27. Rxd8+ Qxd8 28. fxe3 Qe8 29. Qd5 Qxe3+ 0-1

[Event "Frankfurt Ch 2013"]
[Site "Ffm-Kalbach, LAZ"]
[Date "2013.06.10"]
[Round "6.22"]
[White "Czech, Ludwig"]
[Black "Goldt, Rainer"]
[Result "1/2-1/2"]
[WhiteElo "1979"]
[BlackElo "1818"]
[PlyCount "47"]
[EventDate "2013.??.??"]
[WhiteTeam "VSG 1880 Offenbach"]
[BlackTeam "Kreuznacher SV 1921"]

1. c4 Nf6 2. Nc3 c5 3. Nf3 e6 4. d4 d5 5. Bg5 dxc4 6. e3 Nc6 7. Bxc4 cxd4 8.
Nxd4 Nxd4 9. exd4 Be7 10. Bb5+ Bd7 11. Qa4 a6 12. Bxd7+ Qxd7 13. Qxd7+ Kxd7 14.
O-O Rhd8 15. Na4 Nd5 16. Nc5+ Ke8 17. Bxe7 Kxe7 18. Nxb7 Rdb8 19. Nc5 Rxb2 20.
Rfb1 Rb4 21. Rxb4 Nxb4 22. Rb1 Nxa2 23. Rb7+ Ke8 24. f3 1/2-1/2

[Event "Frankfurt Ch 2013"]
[Site "Ffm-Kalbach, LAZ"]
[Date "2013.06.10"]
[Round "6.23"]
[White "Klein, Markus"]
[Black "Willems, Matthias"]
[Result "1/2-1/2"]
[WhiteElo "1771"]
[BlackElo "1970"]
[PlyCount "83"]
[EventDate "2013.??.??"]
[WhiteTeam "SC 1979 Hattersheim"]
[BlackTeam "SC Bad Nauheim"]

1. d4 Nf6 2. c4 c5 3. d5 b5 4. cxb5 a6 5. bxa6 g6 6. Nc3 Bxa6 7. g3 d6 8. Bg2
Bg7 9. Nf3 Nfd7 10. Qc2 Nb6 11. Nd2 O-O 12. b3 N8d7 13. Bb2 Ra7 14. f4 Nf6 15.
h3 Qa8 16. e4 Nh5 17. Nf1 Bxf1 18. Rxf1 Nxg3 19. Rf3 Nh5 20. a4 Rb8 21. Nb5
Bxb2 22. Qxb2 Rab7 23. Bf1 Qa5+ 24. Kf2 Nf6 25. Qc2 Qb4 26. Re3 Nbxd5 27. exd5
Qxf4+ 28. Rf3 Qh4+ 29. Kg2 Qg5+ 30. Kh1 Qxd5 31. Bg2 Qe5 32. Rff1 Rd7 33. Rae1
Qh5 34. Qc4 Rc8 35. Qc3 d5 36. a5 d4 37. Qd3 Nd5 38. a6 Rdd8 39. a7 Ne3 40.
Rxe3 dxe3 41. Qxe3 e6 42. Bb7 1/2-1/2

[Event "Frankfurt Ch 2013"]
[Site "Ffm-Kalbach, LAZ"]
[Date "2013.06.10"]
[Round "6.24"]
[White "Ivkin, Michael"]
[Black "Böhle, Reinhard"]
[Result "0-1"]
[WhiteElo "1725"]
[BlackElo "1966"]
[PlyCount "79"]
[EventDate "2013.??.??"]
[WhiteTeam "Wiesbadener SV 1885"]
[BlackTeam "SV Maintal 1934"]

1. d4 e6 2. Nf3 Nf6 3. e3 b6 4. Bd3 Bb7 5. Nbd2 c5 6. O-O Be7 7. b3 O-O 8. Bb2
d6 9. c3 Nbd7 10. Rc1 e5 11. Qc2 Rc8 12. Qb1 h6 13. c4 cxd4 14. exd4 exd4 15.
Nxd4 Ne5 16. Bf5 Nfd7 17. f4 Nc6 18. Ne4 Nxd4 19. Bxd4 d5 20. cxd5 Rxc1 21.
Rxc1 Bxd5 22. Nc3 Ba8 23. Rd1 Nf6 24. Rd3 Qc7 25. Be5 Qc6 26. Qb2 b5 27. Qe2 b4
28. Nd1 Ne4 29. Qg4 Bf6 30. Bxf6 Qxf6 31. Bxe4 Bxe4 32. Rd2 Qb6+ 33. Nf2 f5 34.
Qe2 Rc8 35. h3 Qg6 36. Nxe4 fxe4 37. Kh2 Rc3 38. Qf2 e3 39. Rd8+ Kh7 40. Rd7
0-1

[Event "Frankfurt Ch 2013"]
[Site "Ffm-Kalbach, LAZ"]
[Date "2013.06.10"]
[Round "6.25"]
[White "Gräbner, Walter"]
[Black "Fischer, Ulrich"]
[Result "1/2-1/2"]
[WhiteElo "1956"]
[BlackElo "1770"]
[PlyCount "97"]
[EventDate "2013.??.??"]
[WhiteTeam "SC 1961 König Nied"]
[BlackTeam "Frankfurter TV 1860"]

1. Nf3 d5 2. b3 Bf5 3. Bb2 e6 4. g3 Nf6 5. Bg2 Bc5 6. d4 Be7 7. O-O Nbd7 8. c4
c6 9. Nc3 h6 10. Nd2 O-O 11. e4 dxe4 12. Ndxe4 Nxe4 13. Nxe4 Nf6 14. Nc3 Qc7
15. Qe2 Rad8 16. Rad1 Bg4 17. f3 Bf5 18. Rfe1 Rfe8 19. Kh1 c5 20. dxc5 Bxc5 21.
Ne4 Bxe4 22. Bxf6 Rxd1 23. Rxd1 Bc6 24. Be5 Qa5 25. Qb2 Rd8 26. Rxd8+ Qxd8 27.
Qe2 Bb4 28. Bb2 Qd2 29. Qxd2 Bxd2 30. Bd4 a5 31. Kg1 f6 32. Kf2 e5 33. Bb6 Kf7
34. Bf1 h5 35. Bd3 g6 36. Be4 f5 37. Bxc6 bxc6 38. a3 Ke6 39. Bc5 g5 40. h3 g4
41. hxg4 hxg4 42. fxg4 fxg4 43. Ke2 Bc3 44. Bf2 e4 45. Be3 Ke5 46. Bh6 Kf5 47.
Bf8 Be5 48. Kf2 Bd4+ 49. Ke2 1/2-1/2

[Event "Frankfurt Ch 2013"]
[Site "Ffm-Kalbach, LAZ"]
[Date "2013.06.10"]
[Round "6.26"]
[White "Kuhn, Gerhard"]
[Black "Weber, Andreas"]
[Result "1/2-1/2"]
[WhiteElo "1943"]
[BlackElo "1730"]
[PlyCount "68"]
[EventDate "2013.??.??"]
[WhiteTeam "SK Marburg 1931/72"]
[BlackTeam "SC Flörsheim 1921"]

1. e4 e5 2. Nf3 Nc6 3. Nc3 Nf6 4. d4 exd4 5. Nd5 Nb4 6. Nxd4 Nxe4 7. Bc4 Nxd5
8. Bxd5 Bb4+ 9. Kf1 Nf6 10. Bf3 O-O 11. Bg5 Re8 12. c3 Be7 13. h4 h6 14. Be3 d5
15. g3 c5 16. Nb3 b6 17. Kg2 Be6 18. Qc2 Rc8 19. Rad1 Qc7 20. Bf4 Bd6 21. Bxd6
Qxd6 22. Qd2 Rcd8 23. Rhe1 Qc7 24. Qc1 a5 25. Na1 Bg4 26. Bxg4 Rxe1 27. Rxe1
Nxg4 28. Qd1 Nf6 29. Nc2 Qd7 30. Qd3 Re8 31. Rxe8+ Qxe8 32. Ne3 Qc6 33. Kg1 Qe6
34. Kg2 Qc6 1/2-1/2

[Event "Frankfurt Ch 2013"]
[Site "Ffm-Kalbach, LAZ"]
[Date "2013.06.10"]
[Round "6.27"]
[White "Tierling, Detlef"]
[Black "Bittner, Peter"]
[Result "1-0"]
[WhiteElo "1941"]
[BlackElo "1714"]
[PlyCount "117"]
[EventDate "2013.??.??"]
[WhiteTeam "SC Groß-Umstadt"]
[BlackTeam "SC 1961 König Nied"]

1. e4 c5 2. g3 g6 3. Bg2 Bg7 4. c3 e5 5. a4 Ne7 6. Qb3 Nbc6 7. Na3 d6 8. Ne2
O-O 9. O-O Na5 10. Qc2 Be6 11. b4 cxb4 12. cxb4 Rc8 13. Qd3 Nac6 14. Rb1 f5 15.
b5 Na5 16. Qe3 b6 17. d3 Nb3 18. Nc4 Nc5 19. Ba3 Bxc4 20. Bxc5 Rxc5 21. dxc4
Rxc4 22. Qb3 Qc7 23. exf5 gxf5 24. Rbc1 Rc8 25. Bc6 d5 26. Rxc4 dxc4 27. Qxc4+
Kh8 28. Rc1 Qd6 29. Qh4 Ng6 30. Qh3 Rf8 31. Nc3 Qd2 32. Qf1 Bh6 33. Ne2 Qg5 34.
Rd1 Rd8 35. Rxd8+ Qxd8 36. Nc3 Bf8 37. Qe2 Qd4 38. Nd5 e4 39. h4 Ne5 40. Ne3
Nf3+ 41. Kg2 Qa1 42. Qf1 Qe5 43. Qb1 Bc5 44. Qb3 Bxe3 45. Qxe3 Qa1 46. Bxe4
Ne1+ 47. Kh2 fxe4 48. Qxe4 Qc3 49. Qa8+ Kg7 50. Qxa7+ Kg8 51. Qxb6 Nf3+ 52. Kg2
Nd2 53. Qe6+ Kg7 54. Qe7+ Kg8 55. Qe2 Nc4 56. b6 Nd6 57. Qe6+ Nf7 58. b7 Qc7
59. Qc8+ 1-0